7HI: Ensimmäinen maailmansota - Statistics

Yleistilastot
  • Tätä visaa on pelattu 166 kertaa
  • Keskiarvotulos 14 / 22
Vastaustilastot
Vihje Vastaus % Oikein
Vuosi, jolloin sota alkoi 1914
96%
Keskusvaltoihin kuuluneet maat Saksa
96%
Ympärysvaltoihin kuuluneet maat Ranska
95%
Ympärysvaltoihin kuuluneet maat Venäjä
93%
Ympärysvaltoihin kuuluneet maat Iso-Britannia
91%
Ympärysvaltoihin kuuluneet maat Yhdysvallat (1917 alkaen)
89%
Ympärysvaltoihin kuuluneet maat Italia (1915 alkaen)
88%
Kaupunki, jossa tehtiin sodan sytyttänyt salamurha Sarajevo
82%
Uusia aseita ja sotavälineitä, joita sodassa oli käytössä (nimeä yksi) Lentokone, panssarivaunu, taistelukaasu, kenttätykistö
79%
Keskusvaltoihin kuuluneet maat Itävalta-Unkari
73%
Ympärysvaltoihin kuuluneet maat Japani
65%
Puolustusasema, joita kaivettiin paljon ensimmäisessä maailmansodassa Juoksuhauta
61%
Keskusvaltoihin kuuluneet maat Ottomaani-imperiumi
61%
Venäjän tsaari Nikolai II
53%
Keskusvaltoihin kuuluneet maat Bulgaria
43%
Armeijan osa, joka kävi hyödyttömäksi Ratsuväki
37%
Ensimmäisen maailmansodan suurin lentäjä-ässä Punainen paroni
35%
Ison-Britannian kuningas Yrjö V
32%
Itävalta-Unkarin arkkiherttua, joka murhattiin Frans Ferdinand
31%
USA:n presidentti Woodrow Wilson
29%
Edellisen murhaaja Gavrilo Princip
26%
Saksan keisari Vilhelm II
26%
Ehtoja vastaavia visoja ei löytynyt
Tulosjakauma
Jokaisen tuloksen saaneiden osuus
Persentiili vastausten määrän mukaan
Tuloshistoriasi
Et ole pelannut tätä visaa